000 00288nam a22001337a 4500
008 170913b xxu||||| |||| 00| 0 eng d
020 _a9780321733177
041 _aeng
080 _29TH
_a53
100 _a43
101 _aFIZ
245 _aCOLLEGE PHYSICS
_cYOUNG,H,D
942 _2udc
_cBK
999 _c27475
_d27475